DoE statement on mundic blighted houses (Record no. 31027)

MARC details
000 -LEADER
fixed length control field 00917cab a2200217 4500
001 - CONTROL NUMBER
control field WB2810-04
008 - FIXED-LENGTH DATA ELEMENTS--GENERAL INFORMATION
fixed length control field 090401t1992 xxu||||| |||| 00| 0 eng d
035 ## - SYSTEM CONTROL NUMBER
System control number (Sirsi) u49567
041 ## - LANGUAGE CODE
Language code of text/sound track or separate title eng
245 ## - TITLE STATEMENT
Title DoE statement on mundic blighted houses
260 ## - PUBLICATION, DISTRIBUTION, ETC.
Date of publication, distribution, etc. 1992
350 ## - PRICE (NR) (BK AM CF MU VM SE) [OBSOLETE]
Price 0
490 ## - SERIES STATEMENT
Series statement DoE News Release
Volume/sequential designation (176) 27 February 1992
490 ## - SERIES STATEMENT
Series statement Western Morning News
Volume/sequential designation 28 February 1992, 1(3)
520 ## - SUMMARY, ETC.
Summary, etc. The DoE has issued a statement on the problem of houses in Cornwall affected by mundic blight. The RICS and BRE are due to release a guidance leaflet advising homeowners on precautions which can be taken to reduce the risks to property. The BRE is undertaking research to devise a test procedure for distinguishing between mundic and non-mundic concrete.
650 ## - SUBJECT ADDED ENTRY--TOPICAL TERM
Topical term or geographic name entry element CORNWALL
650 ## - SUBJECT ADDED ENTRY--TOPICAL TERM
Topical term or geographic name entry element MUNDIC BLOCK
690 ## - LOCAL SUBJECT ADDED ENTRY--TOPICAL TERM (OCLC, RLIN)
Topical term or geographic name as entry element BUILT ENVIRONMENT-BUILDING PATHOLOGY
942 ## - ADDED ENTRY ELEMENTS (KOHA)
Suppress in OPAC 0
948 ## - LOCAL PROCESSING INFORMATION (OCLC); SERIES PART DESIGNATOR (RLIN)
c (OCLC) 04/03/1997
Holdings
Withdrawn status Lost status Source of classification or shelving scheme Damaged status Not for loan Home library Current library Shelving location Date acquired Total Checkouts Full call number Barcode Date last seen Copy number Price effective from Koha item type
    Dewey Decimal Classification     London London News article 14/09/1999   WB2810-04 49567-1001 06/08/2019 1 06/08/2019 News article